Lehrkräfte Dahlmannschule Bad Segeberg (-2019) - Statistiken

Allgemein
  • Dieses Quiz wurde 3 mal gespielt
  • Das Durchschnittsergebnis liegt bei 13 aus 34
Antwortstatistiken
Hint Antwort % Korrekt
Brütt Henning
100%
Günter Anja
67%
Kielmann Anja
67%
Mucha Anke
67%
Köpp Anna
67%
Wild Jochen
67%
Repenning Olaf
67%
Vogel Sebastian
67%
Endrigkeit Thorge
67%
Hoenig Tobias
67%
Düwell Charlotte
33%
Schumacher Christopher
33%
Schütze Eike
33%
Pertus Franziska
33%
Weißflog Jenny
33%
Meissner Johanna
33%
Knapp Katja
33%
Wortmann Katja
33%
Schütze-Meyerfeldt Katrin
33%
Seedler Kirstin
33%
Griepentrog Marcel
33%
Knauer Martin
33%
Klewer Michael
33%
Oldigs Mirco
33%
Finken Ruth
33%
Holdt Stefan
33%
Diederichsen Susanne
33%
Thomsen Sybille
33%
Schmidt Wolfram
33%
Kirchhof Elke
0%
Engeler Inga
0%
Ziegler Katarina
0%
Harm Meike
0%
Sienknecht Riccarda
0%
Keine übereinstimmenden Quizze gefunden
Verteilung der Resultate
Anzahl Personen mit jedem Resultat
Perzentil nach korrekt beantworteten Fragen
Ihre Resultats-Entwicklung
Sie haben dieses Quiz noch nicht gespielt